Statistics for Word Unscarmble

Click here to take the quiz!

General Stats

  • This quiz has been taken 13 times
  • The average score is 6 of 13

Answer Stats

HintAnswer% Correct
rganodDragon
75%
srtesonmMonsters
75%
reeolfwwWerewolf
75%
omziebZombie
58%
etsakrnenifFrankenstein
50%
ggronoGorgon
50%
ucadlraDracula
33%
liagdozlGodzilla
33%
melgrniGremlin
33%
mprievaVampire
33%
suademMedusa
25%
bruesecrCerberus
8%
nrecioamManticore
0%

Score Distribution

Percentile by Number Answered

Percent of People with Each Score

Your Score History

You have not taken this quiz